Score 0/24 Timer 06:00
2 Plays Today
# Characters % Correct
4.The Joker
96.2%
8.Indiana Jones
91.5%
2.Austin Powers
88.7%
19.Wolverine
84.5%
18.Harry Potter
81.7%
6.Edward Scissorhands
71.4%
9.Neo
68.9%
13.Terminator
54.3%
7.Rambo
51.2%
23.Blade
51.2%
1.James Bond
48.8%
10.Frodo Baggins
47.7%
# Characters % Correct
24.King Leonidas
43.7%
12.Conan the Barbarian
36.6%
21.Jules Winnfield
33.7%
16.Tony Montana
31%
5.Alex DeLarge
24.2%
22.The Dude
23.2%
15.Marty McFly
22.3%
3.Snake Plissken
19.5%
11.John McClane
17.1%
14.Mad Max
15%
20.Man with No Name
13%
17.Rick Deckard
3.2%
Remove Ads.
Support Sporcle.
Get the best of Sporcle when you Go Orange. This ad-free experience offers more features, more stats, and more fun while also helping to support Sporcle. Thank you for becoming a member.

You're not logged in!

Compare scores with friends on all Sporcle quizzes.
OR
Log In

Show Comments

Extras

Top Quizzes Today


Score Distribution

Your Account Isn't Verified!

In order to create a playlist on Sporcle, you need to verify the email address you used during registration. Go to your Sporcle Settings to finish the process.

Report this User

Report this user for behavior that violates our Community Guidelines.

Details: